| 000 | 00380nam a22001457a 4500 | ||
|---|---|---|---|
| 020 | _a978-0-8493-8454-7 | ||
| 040 | _cSCME | ||
| 082 | _a672.36 T718S | ||
| 100 |
_aGeorge Totten _99392 |
||
| 245 |
_aSteel heat treatment: Equipment and process design / _cGeorge E. Totten |
||
| 250 | _a2nd edition | ||
| 260 |
_aCRC Press _bNewYork _c2007 |
||
| 300 | _a693p. | ||
| 942 |
_2ddc _cBK |
||
| 999 |
_c594989 _d594989 |
||